Catálogo público

Las razones y las obras : (Record no. 80816)

MARC details
000 -CABECERA
campo de control de longitud fija 02205nmm a22004217a 4500
003 - IDENTIFICADOR DEL NÚMERO DE CONTROL
campo de control CHAP
005 - FECHA Y HORA DE LA ÚLTIMA TRANSACCIÓN
campo de control 20240531130445.0
007 - CAMPO FIJO DE DESCRIPCIÓN FÍSICA--INFORMACIÓN GENERAL
campo de control de longitud fija co ag aaaaa
008 - DATOS DE LONGITUD FIJA--INFORMACIÓN GENERAL
campo de control de longitud fija 000412d1997 mx b o00010 spa d
010 ## - NÚMERO DE CONTROL DE LA BIBLIOTECA DEL CONGRESO
Número de control de LC 80816
011 ## - ENLACE DEL NUMERO DE CONTROL DE LA BIBLIOTECA DEL CONGRESO [OBSOLETO]
Número de control de LC 81788
020 ## - NÚMERO INTERNACIONAL ESTÁNDAR DEL LIBRO
Información calificativa 968-16-5398-X
035 ## - NÚMERO DE CONTROL DEL SISTEMA
Número de control de sistema 92268
040 ## - FUENTE DE LA CATALOGACIÓN
Centro/agencia transcriptor CHAP
041 ## - CÓDIGO DE LENGUA
Código de lengua del texto/banda sonora o título independiente spa
090 ## - LOCALMENTE ASIGNADO TIPO-LC NÚMERO DE CLASIFICACIÓN (OCLC); NÚMERO DE CLASIFICACIÓN LOCAL (RLIN)
Número de clasificación (OCLC) (R) ; Numero de clasificación, CALL (RLIN) (NR) CD-3
110 0# - ENTRADA PRINCIPAL--NOMBRE DE ENTIDAD CORPORATIVA
Nombre de entidad corporativa o nombre de jurisdicción como elemento de entrada México. Presidencia de la República
245 14 - MENCIÓN DE TÍTULO
Título Las razones y las obras :
Medio [disco compacto]
Resto del título gobierno de Miguel de la Madrid
Mención de responsabilidad, etc. /por Presidencia de la República
260 ## - PUBLICACIÓN, DISTRIBUCIÓN, ETC.
Lugar de publicación, distribución, etc. México, D. F. :
Nombre del editor, distribuidor, etc. Fondo de Cultura Económica,
Fecha de publicación, distribución, etc. 1997.
300 ## - DESCRIPCIÓN FÍSICA
Extensión 1 disco compacto
Dimensiones 4 3/4 plgs.
Otras características físicas fotografías, caricaturas
336 ## - TIPO DE CONTENIDO
Fuente rdacontent
337 ## - TIPO DE MEDIO
Fuente rdamedia
Nombre/término del tipo de medio ordenador
Código del tipo de medio c
338 ## - TIPO DE SOPORTE
Fuente rdacarnie
Nombre/término del tipo de soporte disco de computadota
Código del tipo de soporte cd
516 ## - NOTA DE TIPO DE ARCHIVO DE ORDENADOR O DE DATOS
Nota de tipo de archivo de ordenador o de datos Numérico (Estadísticas resumidas)
520 ## - SUMARIO, ETC.
Sumario, etc. La Unidad de la crónica Presidencial fue creada un 1983 por mandato del Presidente de la República. Lic. Miguel de la Madrid Hurtado. Los objetivos principales de este organismo fueron tres : Concentrar las publicaciones oficiales del periodo gubernamental de 1982-1988. Crear un centro de información del Gobierno Federal. Registrar las actividades del Presidente de la República con la finalidad de publicar la crónica del Gobierno 1982-1988.
538 ## - NOTA DE DETALLES DEL SISTEMA
Nota de detalles del sistema Requerimientos técnicos : Computadora IBM PC o compatible 486 o superior. Lector de discos compactos 2x o superior. Sistema operativo Microsoft Windows 3.11 o superior. Mouse. Monitor VGA o SVGA. Instalación y consulta : Cámbiese a la unidad de CD-ROM (generalmente D o E). Escriba instalar y pulse enter. Espere un momento mientras se instala el CD de manera automática. Cada que desee consultar en Windows pulse doble clic sobre el ícono.
590 ## - NOTA LOCAL (RLIN)
Nota local BATCH-UPD
Procedencia (VM) [OBSOLETO] 10
Condición del los carretes individuales (VM) [OBSOLETO] 20130110
590 ## - NOTA LOCAL (RLIN)
Nota local BATCH-UPD
Procedencia (VM) [OBSOLETO] 10
Condición del los carretes individuales (VM) [OBSOLETO] 20130410
590 ## - NOTA LOCAL (RLIN)
Nota local BATCH-UPD
Procedencia (VM) [OBSOLETO] 10
Condición del los carretes individuales (VM) [OBSOLETO] 20130914
590 ## - NOTA LOCAL (RLIN)
Nota local BATCH-UPD
Procedencia (VM) [OBSOLETO] 10
Condición del los carretes individuales (VM) [OBSOLETO] 20161124
590 ## - NOTA LOCAL (RLIN)
Nota local CONVERSION
Procedencia (VM) [OBSOLETO] 10
Condición del los carretes individuales (VM) [OBSOLETO] 20130109
651 #4 - PUNTO DE ACCESO ADICIONAL DE MATERIA--NOMBRE GEOGRÁFICO
Nombre geográfico México
Subdivisión general Política y gobierno.
9 (RLIN) 76783
700 0# - PUNTO DE ACCESO ADICIONAL--NOMBRE DE PERSONA
Nombre de persona Madrid Hurtado, Miguel de la.
9 (RLIN) 69704
901 ## - ELEMENTOS DE DATOS A LOCAL LDA (RLIN)
a BK
905 ## - ELEMENTOS DE DATOS E LOCAL, LDE (RLIN)
a Lilia Sánchez G.
942 ## - ELEMENTOS DE PUNTO DE ACCESO ADICIONAL (KOHA)
Tipo de ítem Koha CD
Fuente del sistema de clasificación o colocación Clasificación Universidad Autónoma de Chapingo
949 ## - PROCESAMIENTO DE INFORMACIÓN LOCAL (OCLC)
a CD-3
b BC
c CD
d 33724000778494
e CD
i 92268
s b
Holdings
Estado de retiro Estado de pérdida Fuente del sistema de clasificación o colocación Estado dañado Restricciones de uso No para préstamo Código de colección Localización permanente Ubicación/localización actual Fecha de adquisición Total de préstamos Signatura topográfica completa Código de barras Fecha visto por última vez Precio válido a partir de Tipo de ítem Koha
    Dewey Decimal Classification   Préstamo interno   Material multimedia Biblioteca Central Biblioteca Central 17/12/2012   CD-3 33724000778494 31/12/2019 31/12/2019 CD